000 00216nam a22000857a 4500
008 160718b xxu||||| |||| 00| 0 eng d
100 _93035
_aAggarwal
245 _aMathematics-8
260 _aNew Delhi
_bB.B Publication
_c2012
999 _c2598
_d2598